U podstaw struktury i rozwoju języka /

Uložené v:
Podrobná bibliografia
Hlavný autor: Zabrocki, Ludwik, 1907-1977 (Author)
Médium: Kniha
Jazyk:Polish
Czech
French
German
Vydané: Warszawa : Państwowe Wydawnictvo Naukowe, 1980.
Edícia:Seria neofilologia tom 3
ISBN: (brož.)
Fyzický popis: 464 strán : ilustrácie ; 24 cm.
Tagy: Pridať tag
Žiadne tagy, Buďte prvý kto otaguje tento záznam!

MARC

LEADER 00000nam a22000001a 4500
001 000560310
005 20170923144003.0
008 071115s1980 pl a e 000 0 pol d
020 |a (brož.)  |c Kčs 53,00 
040 |a SVKKK  |b slo  |c SVKKK  |e AACR2 
041 0 |a pol  |a cze  |a fre  |a ger 
044 |a pl  |c PL 
100 1 |a Zabrocki, Ludwik,  |d 1907-1977  |4 aut 
245 1 0 |a U podstaw struktury i rozwoju języka /  |c Ludwik Zabrocki. 
246 3 1 |a At the foundation of language structure and development / 
260 |a Warszawa :  |b Państwowe Wydawnictvo Naukowe,  |c 1980. 
300 |a 464 strán :  |b ilustrácie ;  |c 24 cm. 
490 1 |a Seria neofilologia  |v tom 3 
504 |a Bibliografické odkazy 
546 |a Čiastočne text v češtine, francúzštine a nemčine 
830 0 |a Seria neofilologia  |v tom 3 
910 |a svkkk 
998 |a BK 
090 |g SCKHL  |k Sklad Pribinova 1. posch.  |a IV.113280  |j 631333  |i 2720485079  |s Absenčne